THE WORST CHILDREN'S JOB IN HISTORY (Record no. 4896)
[ view plain ]
| 000 -LEADER | |
|---|---|
| fixed length control field | 00357nam a22001217a 4500 |
| 008 - FIXED-LENGTH DATA ELEMENTS--GENERAL INFORMATION | |
| fixed length control field | 250422b ||||| |||| 00| 0 eng d |
| 020 ## - INTERNATIONAL STANDARD BOOK NUMBER | |
| International Standard Book Number | 9781405055192 |
| 082 ## - DEWEY DECIMAL CLASSIFICATION NUMBER | |
| Classification number | 331.3109 ROB |
| 100 ## - MAIN ENTRY--PERSONAL NAME | |
| Personal name | ROBINSON,TONY |
| Relator term | AUTHOR |
| 245 ## - TITLE STATEMENT | |
| Title | THE WORST CHILDREN'S JOB IN HISTORY |
| 260 ## - PUBLICATION, DISTRIBUTION, ETC. | |
| Place of publication, distribution, etc. | 20 NEW WHARF ROAD,LONDON N1 9RR |
| Name of publisher, distributor, etc. | MACMILLAN CHILDREN'S BOOKS |
| Date of publication, distribution, etc. | 2005 |
| 942 ## - ADDED ENTRY ELEMENTS (KOHA) | |
| Source of classification or shelving scheme | |
No items available.